Poemas / (Record no. 122064)

MARC details
000 -LEADER
campo de control de longitud fija 00826nam a2200229 4500
001 - NÚMERO DE CONTROL
campo de control 122064
003 - IDENTIFICADOR DE NÚMERO DE CONTROL
campo de control ES-MaACL
005 - FECHA Y HORA DE LA ÚLTIMA TRANSACCIÓN
campo de control 20250909225051.0
007 - CAMPO FIJO DE DESCRIPCIÓN FÍSICA--INFORMACIÓN GENERAL
campo de control de longitud fija t|
008 - DATOS DE LONGITUD FIJA--INFORMACIÓN GENERAL
campo de control de longitud fija 070214s1970 sp r ||||1| spa d
245 00 - MENCIÓN DEL TÍTULO
Título Poemas /
Mención de responsabilidad, etc. de Josemilio Cerro Ramos, Fanny Rubio, María Elena Esteva Santos, José Mª Bermejo Jiménez, Santiago Pélaez Ruiz-Fornells.
260 ## - PUBLICACIÓN, DISTRIBUCIÓN, ETC.
Lugar de publicación, distribución, etc. Madrid :
Nombre del editor, distribuidor, etc. Universidad,
Fecha de publicación, distribución, etc. 1970.
300 ## - DESCRIPCIÓN FÍSICA
Extensión 100 p. ;
Dimensiones 20 cm.
700 1# - ENTRADA AGREGADA--NOMBRE PERSONAL
Nombre de persona Esteve Santos, María Elena.
9 (RLIN) 48149
700 1# - ENTRADA AGREGADA--NOMBRE PERSONAL
Nombre de persona Peláez Ruiz-Fornells, Santiago.
9 (RLIN) 90018
700 1# - ENTRADA AGREGADA--NOMBRE PERSONAL
Nombre de persona Rubio, Fanny,
Fechas asociadas al nombre 1949-
9 (RLIN) 100343
700 0# - ENTRADA AGREGADA--NOMBRE PERSONAL
Nombre de persona Bermejo, José María,
Fechas asociadas al nombre 1947-
9 (RLIN) 28089
700 1# - ENTRADA AGREGADA--NOMBRE PERSONAL
Nombre de persona Cerro Ramos, Josemilio.
9 (RLIN) 37571
710 2# - ENTRADA AGREGADA--NOMBRE DE ENTIDAD CORPORATIVA
Nombre de entidad corporativa o nombre de jurisdicción como elemento de entrada Universidad Central (Madrid)
9 (RLIN) 7084
852 ## - LOCALIZACIÓN
Ubicación ES-MaACL
Número de control de estantería C-50129
Sublocalización o colección R.73859
Holdings
Estatus retirado Estado de pérdida Estado de daño No para préstamo Biblioteca de origen Biblioteca actual Ubicación en estantería Fecha de adquisición Fuente de adquisición Total de préstamos Signatura topográfica completa Código de barras Visto por última vez Precio de reemplazo Tipo de ítem Koha
        Biblioteca del Ateneo de Madrid Biblioteca del Ateneo de Madrid Depósito 2 17/01/2008     C-50129 1127204 23/02/2023 23/02/2023 Libro impreso